| 000 | 00791nam a22002537a 4500 | ||
|---|---|---|---|
| 001 | BR7603386 | ||
| 003 | BR-BrBNA | ||
| 005 | 20230928085025.0 | ||
| 007 | ta | ||
| 008 | 230509b bl.||||| |||| 00| 0 por d | ||
| 040 |
_aBR-BrBNA _bpor _cBiblioteca Nacional de Agricultura |
||
| 041 | _a(Por) | ||
| 072 |
_aE70 _b9910 |
||
| 090 | _ 9910 BR7603386 | ||
| 100 | 1 | _aJunqueira, C.E. | |
| 111 | 1 |
_a1. Simposio Mineiro do Cafe _cPocos de Caldas, MG (Brazil) _d22 Oct 1976 |
|
| 245 | 1 | _aMinha experiencia na comercializacao do cafe | |
| 260 | 3 |
_aRio de Janeiro, RJ (Brasil): _bBloch Educacao, _c1976. |
|
| 300 | _a6 p. | ||
| 500 | _a(*) Documento disponível no(a) Instituto Brasileiro do Cafe, Rio de Janeiro, RJ | ||
| 650 | _aCAFE | ||
| 909 |
_a202309 _bLucia _c55 _dLucia Elande |
||
| 942 | _cBK | ||
| 999 |
_c22434 _d22434 |
||